000 00439nam a22001577a 4500
005 20251108163336.0
008 250721s1978 xx 000 0 ara d
082 1 4 _a/133.4يوس
100 1 _aأسعد، يوسف ميخائيل
245 1 0 _aالسحر و التنجيم /
264 1 _aالقاهرة :
_bدار نهضة مصر،
_c1978.
300 _a302 ص
650 1 7 _aالسحر و التنجيم
942 _2ddc
_cBK
999 _c267
_d267